Statistics for Among us quiz

Click here to take the quiz!

General Stats

  • This quiz has been taken 34 times
  • The average score is 10 of 15

Answer Stats

QuestionAnswer% Correct
What studio made the game?Innersloth
97%
What room on Mira HQ is where emergency meetings can be called?Cafeteria
94%
What is the max number of impostors that can be in a lobby at a time?Three
90%
What room on The Skeld is the room that has the swipe card task?Admin
84%
What is the max amount of players in a lobby that can have the same color?One
84%
What is the new role that allows crewmates to vent?Engineer
81%
When was the game released2018
77%
How many maps are there in the game? (As of 11/28/21)Four
77%
What is the max amount of players that can be in the same lobby at a time? (As of 11/28/21)Fifteen
71%
What was the most recent map to be released in the game? (As of 11/28/21)The Airship
65%
What room on The Skeld has the unlock manifolds task?Reactor
55%
On The Airship, how many vents are in the cockpit?One
45%
How many vents are there in storage on Mira HQ?Zero
42%
How many tasks start AND end in the weapons room on The Skeld?Two
35%
What are the names of the two pets in the Animal pet bundle?Doggy/Hampton
32%

Score Distribution

Percentile by Number Answered

Percent of People with Each Score

Your Score History

You have not taken this quiz